000 00315nam a22001337a 4500
008 170413b xxu||||| |||| 00| 0 eng d
020 _a9781121417816
041 _aeng
080 _29TH
_a612.39
100 _a10
101 _aSHM
245 _aNUTRITION FOR HEALTH, FITNESS AND SPORT
_cWILLIAMS
942 _2udc
_cBK
999 _c10705
_d10705